000 00330nam a2200133Ia 4500
008 210210b1986 xxu||||| |||| 00| 0 eng d
082 _a070.172 SARS
100 _aSARKAR (Chanchal).
245 _aStory of our newspapers.
260 _aIndia
_bNational Book Trust
_c1986
300 _a64
690 _aJournalism
906 _a051215
999 _c99746
_d99746